000 00616nam a2200217 i 4500
001 C2-0291134
003 PPAK
005 20180728023503.0
008 081013s2003 cc |||| ||||| | chi d
020 _a7228082400
040 _aPPAK
_beng
_cPPAK
_erda
100 1 _aYuan, Wen Sheng,
_eauthor
245 1 0 _aHui gu niang
264 1 _aXing Jiang :
_bXin jiang ren ming chu ban she ,
_c2003
336 _2rdacontent
_atext
337 _2rdamedia
_aunmediated
338 _2rdacarrier
_avolume
490 1 _aSiri cerita kanak-kanak perahu layar
830 0 _aSiri cerita kanak-kanak perahu layar
942 _ddc
_cB
999 _c96325
_d96325